| 000 | 02413cas a2200721 a 4500 | ||
|---|---|---|---|
| 001 | 11176425 | ||
| 003 | OSt | ||
| 005 | 20240530110420.0 | ||
| 008 | 750520s2009 uk ab g 0 1 a0eng c | ||
| 020 | _a9781857434750 | ||
| 020 | _a1857434757 | ||
| 022 | _a00713791 | ||
| 030 | _aFEAUDC | ||
| 035 | _a(OCoLC)ocm01345792 | ||
| 040 |
_aEG-CaGPL _cEG-CaGPL |
||
| 050 | 1 | 4 |
_aAG105 _b.F37 |
| 082 | 0 | 4 |
_221 _a950 _bG REF/D F |
| 100 | _4Daniel , Lynn | ||
| 245 | 0 | 4 |
_a The Far East and Australasia / _cEditor Lynn Daniel , Meena Khan |
| 250 | _aed.40 | ||
| 260 |
_aLondon : _bRoutledge , _c2009 . |
||
| 300 |
_a1513 p. : _bill., maps. ; _c26 cm. |
||
| 650 | 1 | 4 |
_aCondições econômicas _zÁsia. |
| 650 | 4 |
_aPolítica _zÁsia. |
|
| 650 | 4 |
_aComércio _zÁsia. |
|
| 650 | 4 |
_aFinanças _aÁsia. |
|
| 650 | 1 | 4 |
_aPolítica _zÁustrália. |
| 650 | 4 |
_aCondições economicas _zÁustrália. |
|
| 650 | 4 |
_aComércio _zÁustrália. |
|
| 650 | 4 |
_aFinanças _aÁustrália. |
|
| 650 | 7 |
_aCRONOLOGIA HISTORICA _xPUBLICACIONES PERIODICAS. _2renib |
|
| 650 | 7 |
_aORGANISMOS INTERNACIONALES _xDIRECTORIOS _xPUBLICACIONES PERIODICAS. _2renib |
|
| 650 | 7 |
_aLänderforschung. _2stw |
|
| 650 | 7 |
_aInternationale Organisation. _2stw |
|
| 650 | 7 |
_aAsien. _2stw |
|
| 650 | 7 |
_aAsiatisch-pazifischer Raum. _2stw |
|
| 650 | 7 |
_aSowjetunion (Asiatischer Teil) _2stw |
|
| 650 | 7 |
_aAustralien. _2stw |
|
| 650 | 7 |
_aPazifischer Raum. _2stw |
|
| 650 | 7 |
_aStatistik. _2stw |
|
| 650 | 7 |
_aGebietskörperschaft. _2stw |
|
| 650 | 1 | 7 |
_aAREA STUDIES. _2unbist |
| 650 | 1 | 7 |
_aASIA AND THE PACIFIC. _2unbist |
| 650 | 2 | 7 |
_aHISTORY. _2unbist |
| 650 | 2 | 7 |
_aDIRECTORIES. _2unbist |
| 651 | 0 |
_aAsia _vPeriodicals. |
|
| 651 | 0 |
_aOceania _vPeriodicals. |
|
| 651 | 6 |
_aExtrême-Orient _vPériodiques. |
|
| 651 | 6 |
_aAustralasie _vPériodiques. |
|
| 700 | 1 |
_aKhan , Meena _eAssociate Editor |
|
| 776 | 0 | 8 |
_iOnline version: _tFar East and Australasia _w(OCoLC)607807597 |
| 785 | 0 | 1 |
_tSouth Asia (London, England) _w(DLC) 2004222588 _w(OCoLC)54017151 |
| 830 | 0 | _aRegional surveys of the world. | |
| 863 | 4 | 1 |
_81.1 _a1 _i1969 |
| 863 | 4 | 1 |
_82.1 _a<33> _i<2002> |
| 942 |
_2ddc _cBK |
||
| 999 |
_c60632 _d60632 |
||